000 00273nam a2200097Ia 4500
001 984457
005 20250826221025.0
008 250824s9999 xx 000 0 und d
245 0 _aSHERLOCK HOLMES ÜÇ ÖĞRENCİNİN HİKAYESİ
_cARTHUR CONAN DOYLE
260 _bDOKUZ YAYINLARI
999 _c984457
_d984457